000 00590nam a22002297a 4500
003 UA-OsUOA
001 81854
007 ta
008 20120209b un ||||| |||| 00| 0 ukr d
100 _aПолищук Л.
700 _aМеняшев Р.
090 _a330
_bП50
942 _cSA
040 _aUA-OsUOA
_brus
_cUA-OsUOA
_dUA-OsUOA
245 _aЭкономическое значение социального капитала
300 _aС.46-66
955 _a0
041 _arus
080 _a330
773 0 _w81851
650 7 _a330 Економіка взагалі
_2UDC
999 _c368166
_d368166